El diario del profesor: un recurso para la investigación en el aula
El autor hace énfasis en como el diario de trabajo del docente, permite reflejar los procesos más significativos de la dinámica escolar con relación a los procesos de evolución y los modelos de referencia educativa.
محفوظ في:
| المؤلف الرئيسي: | |
|---|---|
| مؤلفون آخرون: | |
| التنسيق: | كتاب |
| اللغة: | Spanish |
| منشور في: |
Sevilla:
Díada Editoras,
1993
|
| الطبعة: | 2 ed. |
| سلاسل: | Colección investigación y enseñanza. Serie práctica;
No. 6 |
| الموضوعات: | |
| الوصول للمادة أونلاين: | Enlace del recurso |
| الوسوم: |
إضافة وسم
لا توجد وسوم, كن أول من يضع وسما على هذه التسجيلة!
|
MARC
| LEADER | 00000nam a2200000 a 4500 | ||
|---|---|---|---|
| 001 | 000721 | ||
| 008 | 030912s1993 sp a fr# #000|0#spa#d | ||
| 020 | |a 84-87118-56-9 | ||
| 041 | 0 | |a spa | |
| 043 | |a e-sp--- | ||
| 082 | 0 | 4 | |a 371.3 |b P564d |
| 100 | 1 | |a Porlán, Rafael | |
| 245 | 1 | 3 | |a El diario del profesor: |b un recurso para la investigación en el aula |c Rafael Porlán, José Martín |
| 250 | |a 2 ed. | ||
| 260 | |a Sevilla: |b Díada Editoras, |c 1993 | ||
| 300 | |a 71 p.: |b il., gráf. | ||
| 440 | 0 | |a Colección investigación y enseñanza. Serie práctica; |v No. 6 | |
| 504 | |a Incluye bibliografía. | ||
| 520 | 3 | |a El autor hace énfasis en como el diario de trabajo del docente, permite reflejar los procesos más significativos de la dinámica escolar con relación a los procesos de evolución y los modelos de referencia educativa. | |
| 650 | 1 | 4 | |a INNOVACIONES EDUCATIVAS |
| 650 | 1 | 4 | |a MÉTODOS DE ENSEÑANZA |
| 700 | 1 | |a Martín, José | |
| 999 | |c 2873 |d 2873 | ||
| 856 | |u https://catalogo.idep.edu.co/cgi-bin/koha/opac-detail.pl?biblionumber=2873 |z Enlace del recurso | ||